Country Subdivisions by Area 2 - Statistics

General Stats
  • This quiz has been taken 9 times
  • The average score is 8 of 20
Answer Stats
Country Area Division % Correct
Vatican City 0.44 Vatican City
89%
Monaco 0.61 Monte-Carlo
78%
Nauru 1 Anetan
33%
Nauru 0.5 Boe
33%
Nauru 0.9 Denigomodu
33%
Nauru 1.2 Ewa
33%
Monaco 0.335 Fontvieille
33%
Palau 0.9 Hatohobei
33%
Nauru 1.1 Ijuw
33%
Monaco 0.176 La Colle
33%
Monaco 0.295 La Condamine
33%
Monaco 0.177 La Rousse
33%
Monaco 0.337 Larvotto
33%
Monaco 0.076 Les Révoires
33%
Monaco 0.196 Monaco-Ville
33%
Monaco 0.104 Moneghetti
33%
Tuvalu 0.4 Niulakita
33%
Monaco 0.142 Saint Michel
33%
Nauru 0.8 Uaboe
33%
Nauru 1.1 Aiwu
22%
No matching quizzes found
Score Distribution
Percent of People with Each Score
Percentile by Number Answered
Your Score History
You have not taken this quiz